LEADER 01442nam 22004453 450 001 9910324958203321 005 20250905110027.0 010 $a0-8248-8203-2 035 $a(CKB)4100000008343246 035 $a(MiAaPQ)EBC32223062 035 $a(Au-PeEL)EBL32223062 035 $a(ODN)ODN0011420226 035 $a(OCoLC)1325875691 035 $a(EXLCZ)994100000008343246 100 $a20250807d1971 uy 0 101 0 $aeng 135 $aurcnu|||||||| 181 $ctxt$2rdacontent 182 $cc$2rdamedia 183 $acr$2rdacarrier 200 10$aHiligaynon Reference Grammar 205 $a1st ed. 210 1$aHonolulu :$cUniversity of Hawaii Press,$d1971. 210 4$dİ1971. 215 $a1 online resource (163 pages) 225 1 $aPALI Language Texts--Philippines Series 311 08$a0-87022-867-6 330 $aThe Philippines series of the PALI Language Texts, under the general editorship of Howard P. McKaughan, consists of lesson textbooks, grammars, and dictionaries for seven major Filipino languages. 410 0$aPALI Language Texts--Philippines Series 606 $aHiligaynon language$xGrammar 615 0$aHiligaynon language$xGrammar. 676 $a499/.21 700 $aWolfenden$b Elmer P$01231554 801 0$bMiAaPQ 801 1$bMiAaPQ 801 2$bMiAaPQ 906 $aBOOK 912 $a9910324958203321 996 $aHiligaynon reference grammar$92859499 997 $aUNINA